Statystyki dla Największe miasta w Szwecji

Kliknij tutaj aby rozwiązać quiz!

Ogólne statystyki

  • Ten quiz został rozwiązany 145 razy
  • Średni wynik to 5 z 10

Statystyki odpowiedzi

Lp.LudnośćMiasto% Poprawnych
1.1 584 196Sztokholm
99%
3.317 245Malmö
94%
2.592 042Göteborg
83%
4.160 926Uppsala
47%
6.124 027Örebro
36%
7.113 042Linköping
34%
10.96 946Norrköping
34%
9.97 996Jönköping
32%
8.110 520Helsingborg
25%
5.126 190Västerås
20%

Rozkład punktacji

Percentyl według liczby udzielonych odpowiedzi

Procent ludzi z każdym wynikiem

Twoja historia wyników

Nie rozwiązałeś tego quizu